000 00628nam a2200241Ia 4500
003 OSt
005 20221007071816.0
006 a|||||r|||| 00| 0
007 ta
008 221006b |||||||| |||| 00| 0 eng d
024 _a13,680
037 _cTextual
040 _aFLL
_cFLL
_beng
041 _2eng
_aeng
082 _aW, F0
100 _aBrown W. Jethro
_9626065
245 0 _aUnderlying principles of modern legislation
250 _a6th
260 _aLondon
_bJohn Murray, Albemarle London
_c1920
300 _a308p
_ccm.
942 _hW, F0
_cTEXL
_2CC
999 _c1144389
_d1144389